1443 1014 1780 1944 1883 1723 1528 1945 1844 1957 1455 1600 1255 1403 1914 1535 1941 1332 1377 1768 1948 1125 1197 1639 1085 1197 1953 1138 1380 1833 1342 1651 1917 1001 1258 1552 1260 1682 1748 1497 1917 1375 1492 1076 1055 1166 1275 1680 1801 1486 1451 1265 1716 1168 1268 1298 1360 1053 1186 1725 1037 1640 1709 1506 1000 1568 1029 1163 1782 1209 1997 1234 1180 1208 1416 1609 1824 1768 1568 1041 1265 1021 1444 1039 1516 1274 1757 1869 1796 1303 1010 1666 1161 1366 1707 1299 1018 1265 1505 BCNSPRNW ULIB Ver.6.0+V

เปลี่ยนเป็นภาษาไทย

Change to English
 แสดงรายละเอียดบรรณานุกรม
  กลับหน้าหลัก

Brief Record : Get Marc (ISO 2709) : E-mail record : QR code < ปิดหน้าต่าง
LEADER : 00000nam 2200000uu 4500
001    13399122012
003     ULIB
008    121219s2551||||th 000 0 tha d
020    9789741149339
060  4 WY100^bค111
110 1  คณะพยาบาลศาสตร์ มหาวิทยาลัยสงขลานครินทร์
245 00 การพยาบาลเพื่อดุลยภาพชีวิตในความหลากหลายทางวัฒนธรรม/^cคณะพยาบาลศาสตร์ มหาวิทยาลัยสงขลานครินทร์
246 0  Nursing for living harmoniously in cultural diversity
260    สงขลา:^bลิมบราเดอร์การพิมพ์,^c2551
300    153 หน้า:^bภาพประกอบ
650  0 การพยาบาล^xสุขภาพ
945    ^p0^l0^i033227
995    เกษร
999    ^aใช้งานได้ทุกระบบ
รายการนี้ยังไม่มีแท็ก
คุณยังไม่ได้ล็อกอิน คุณสามารถมีกิจกรรมร่วมกับเว็บไซต์ได้ แต่ต้องล็อกอินก่อน ::
  ล็อกอิน

รายการสื่อสารสนเทศ

ลำดับที่ ประเภท เลขเรียก/บาร์โค้ด สถานที่ สถานะ
1. วิทยาศาสตร์การแพทย์ และสุขภาพ
หนังสือสำรอง
สถานะ=หนังสือสำรอง
WY100 ค111 ฉ.1 
  Barcode: 033227
ห้องสมุดวิทยาเขตสวรรค์ประชารักษ์
►หนังสือทั่วไป
บนชั้น

BibComment


ยังไม่เคยถูกคอมเมนท์

คอมเมนท์ทรัพยากรรายการนี้
  คอมเมนท์: การพยาบาลเพื่อดุล..


 Copyright 2026. Bcnsprnw @Library